<?xml version="1.0" encoding="UTF-8"?>
<record
    xmlns:xsi="http://www.w3.org/2001/XMLSchema-instance"
    xsi:schemaLocation="http://www.loc.gov/MARC21/slim http://www.loc.gov/standards/marcxml/schema/MARC21slim.xsd"
    xmlns="http://www.loc.gov/MARC21/slim">

  <leader>02308nam a22002657a 4500</leader>
  <controlfield tag="008">251023b        |||||||| |||| 00| 0 eng d</controlfield>
  <datafield tag="020" ind1=" " ind2=" ">
    <subfield code="a">9782381224312</subfield>
  </datafield>
  <datafield tag="040" ind1=" " ind2=" ">
    <subfield code="c">tbs</subfield>
  </datafield>
  <datafield tag="041" ind1=" " ind2=" ">
    <subfield code="a">fre</subfield>
    <subfield code="h">eng</subfield>
  </datafield>
  <datafield tag="050" ind1=" " ind2=" ">
    <subfield code="a">PS3611.A4645 </subfield>
    <subfield code="b">S73 2019</subfield>
  </datafield>
  <datafield tag="100" ind1=" " ind2=" ">
    <subfield code="a">Kamali, Marjan</subfield>
    <subfield code="9">26301</subfield>
    <subfield code="e">author</subfield>
  </datafield>
  <datafield tag="240" ind1=" " ind2=" ">
    <subfield code="a">Stationery shop.</subfield>
    <subfield code="l">French</subfield>
  </datafield>
  <datafield tag="245" ind1=" " ind2=" ">
    <subfield code="a">La librairie de T&#xE9;h&#xE9;ran</subfield>
    <subfield code="c">/ Marjan Kamali ; translated by Florence Moreau.</subfield>
  </datafield>
  <datafield tag="260" ind1=" " ind2=" ">
    <subfield code="a">Paris :</subfield>
    <subfield code="b">Hauteville,</subfield>
    <subfield code="c">2021.</subfield>
  </datafield>
  <datafield tag="300" ind1=" " ind2=" ">
    <subfield code="a">356 pages ;</subfield>
    <subfield code="c">18 cm.</subfield>
  </datafield>
  <datafield tag="520" ind1=" " ind2=" ">
    <subfield code="a">T&#xE9;h&#xE9;ran, 1953. Pour leur fille, les parents de Roya veulent le meilleur : ils l'inscrivent dans le meilleur lyc&#xE9;e de la capitale, esp&#xE9;rant bien faire d'elle la future Marie Curie de ce monde. Une savante, une intellectuelle, une femme capable de changer le cours de l'histoire. Apr&#xE8;s ses cours, la jeune fille fr&#xE9;quente r&#xE9;guli&#xE8;rement la librairie de M. Fakhri, o&#xF9; elle trouve de quoi &#xE9;tancher sa soif de po&#xE9;sie persane et de litt&#xE9;rature &#xE9;trang&#xE8;re. C'est l&#xE0; qu'elle va faire connaissance de Bahman, jeune activiste politique, bien d&#xE9;cid&#xE9; &#xE0; changer le monde. La librairie de M. Fakhri devient d&#xE8;s lors un lieu de rencontre et de r&#xE9;sistance. Dans cette p&#xE9;riode politiquement mouvement&#xE9;e, au milieu des recueils de Hafez, R&#xFB;m&#xEE; et Khayyam, na&#xEE;t une inoubliable histoire d'amour.</subfield>
  </datafield>
  <datafield tag="520" ind1=" " ind2=" ">
    <subfield code="a">Tehran, 1953. Roya&#x2019;s parents want the best for their daughter: they enroll her in the finest high school in the capital, hoping to make her the next Marie Curie&#x2014;a scholar, an intellectual, a woman capable of changing the course of history.

After class, the young girl often visits Mr. Fakhri&#x2019;s bookshop, where she quenches her thirst for Persian poetry and foreign literature. It&#x2019;s there that she meets Bahman, a young political activist determined to change the world.

Mr. Fakhri&#x2019;s bookshop soon becomes a gathering place for ideas and resistance. In this time of political upheaval, surrounded by the verses of Hafez, Rumi, and Khayyam, an unforgettable love story is born.</subfield>
  </datafield>
  <datafield tag="650" ind1=" " ind2="0">
    <subfield code="a">Families </subfield>
    <subfield code="v">Fiction</subfield>
    <subfield code="9">22172</subfield>
  </datafield>
  <datafield tag="650" ind1=" " ind2="0">
    <subfield code="a">Manners and customs</subfield>
    <subfield code="v">Fiction</subfield>
    <subfield code="9">25571</subfield>
  </datafield>
  <datafield tag="650" ind1=" " ind2="0">
    <subfield code="a">First loves</subfield>
    <subfield code="v">Fiction</subfield>
    <subfield code="9">26302</subfield>
  </datafield>
  <datafield tag="650" ind1=" " ind2="0">
    <subfield code="a">Business enterprises</subfield>
    <subfield code="v">Fiction</subfield>
    <subfield code="9">26303</subfield>
  </datafield>
  <datafield tag="651" ind1=" " ind2="0">
    <subfield code="a">Tehran (Iran)</subfield>
    <subfield code="9">26304</subfield>
  </datafield>
  <datafield tag="651" ind1=" " ind2="0">
    <subfield code="a">Iran</subfield>
    <subfield code="x">History</subfield>
    <subfield code="x">Coup d'&#xE9;tat, 1953</subfield>
    <subfield code="9">26305</subfield>
  </datafield>
  <datafield tag="942" ind1=" " ind2=" ">
    <subfield code="2">lcc</subfield>
  </datafield>
  <datafield tag="952" ind1=" " ind2=" ">
    <subfield code="0">0</subfield>
    <subfield code="1">0</subfield>
    <subfield code="2">lcc</subfield>
    <subfield code="4">0</subfield>
    <subfield code="7">0</subfield>
    <subfield code="a">TBS</subfield>
    <subfield code="b">TBS</subfield>
    <subfield code="d">2025-10-23</subfield>
    <subfield code="l">1</subfield>
    <subfield code="o">P-FR KAM</subfield>
    <subfield code="p">B06053</subfield>
    <subfield code="r">2026-03-11</subfield>
    <subfield code="s">2025-12-05</subfield>
    <subfield code="t">1</subfield>
    <subfield code="w">2025-10-23</subfield>
    <subfield code="y">1</subfield>
  </datafield>
  <datafield tag="999" ind1=" " ind2=" ">
    <subfield code="c">5098</subfield>
    <subfield code="d">5098</subfield>
  </datafield>
</record>
